00965nam a22002417a 45000010005000000030006000050050017000110080041000280200018000690400029000870500020001160820010001361000030001462450051001762600050002273000047002774900021003245050007003455200303003525210019006555210018006746500031006928675FISKH20251126092522.0251009b cb ||||| |||| 00| 0 eng d a9780194234368 aFISKHbengcFISKHdFISKH aPE1126.A4 B8724 a428.6 aBurrows, Phillip eAuthor aLast chance /cPhillip Burrows and Mark Foster aNew York : bOxford University press , c2008 a40 pages : bcolor illustrations ; c20 cm aOxford Bookworms aE  a'How can Mr. Frank be angry now?' thinks Mike happily. His film is good and he is the only cameraman on the volcano. Now he can go home. But then he finds Jenny and she is dying. Rocks start to move and Mike is afraid. Can they get off the volcano alive? And what happens to Mike's camera and film?8 a230 bLexile 8 aE bRaz-Plus  aEnglish language vFiction